Ciencia y valores humanos (Registro nro. 36195)

Detalles MARC
000 -LEADER
campo de control de longitud fija 00626nam a2200193 i 4500
001 - NÚMERO DE CONTROL
campo de control 36195
003 - IDENTIFICADOR DE NÚMERO DE CONTROL
campo de control ES-MaACL
005 - FECHA Y HORA DE LA ÚLTIMA TRANSACCIÓN
campo de control 20250813110910.0
007 - CAMPO FIJO DE DESCRIPCIÓN FÍSICA--INFORMACIÓN GENERAL
campo de control de longitud fija t|
008 - DATOS DE LONGITUD FIJA--INFORMACIÓN GENERAL
campo de control de longitud fija 030217s1968 sp |||| | spa d
100 1# - ENTRADA PRINCIPAL--NOMBRE DE PERSONA
Nombre de persona Bronowski, Jacob.
9 (RLIN) 31895
245 10 - MENCIÓN DEL TÍTULO
Título Ciencia y valores humanos
Resto del título : con la adición del nuevo diálogo "El ábaco y la rosa" /
Mención de responsabilidad, etc. J. Bronowski ; [traducción de Carlos de Ribalta].
260 ## - PUBLICACIÓN, DISTRIBUCIÓN, ETC.
Lugar de publicación, distribución, etc. [Barcelona] :
Nombre del editor, distribuidor, etc. Luman,
Fecha de publicación, distribución, etc. [1968] (
Fabricante Grafos)
300 ## - DESCRIPCIÓN FÍSICA
Extensión 188 p. ;
Dimensiones 19 cm.
650 07 - PUNTO DE ACCESO ADICIONAL DE MATERIA--TÉRMINO DE MATERIA
Término de materia o nombre geográfico como elemento de entrada Ciencia
Fuente del encabezamiento o término embne
9 (RLIN) 10929
700 1# - ENTRADA AGREGADA--NOMBRE PERSONAL
Nombre de persona Ribalta, Carlos.
9 (RLIN) 96711
852 ## - LOCALIZACIÓN
Ubicación ES-MaACL
Número de control de estantería C-34790
Existencias
Estatus retirado Estado de pérdida Estado de daño No para préstamo Biblioteca de origen Biblioteca actual Ubicación en estantería Fecha de adquisición Fuente de adquisición Total de préstamos Signatura topográfica completa Código de barras Visto por última vez Precio de reemplazo Tipo de ítem Koha
        Biblioteca del Ateneo de Madrid Biblioteca del Ateneo de Madrid Depósito 2 17/01/2008     C-34790 1037989 23/02/2023 23/02/2023 Libro impreso